Statistics for Groups of things in A Song of Ice and Fire

Click here to take the quiz!

General Stats

  • This quiz has been taken 8,917 times
    (8,882 since last reset)
  • The average score is 19 of 51

Answer Stats

The Free Cities% Correct
Snow
98%
Sand
86%
Braavos
82%
Pyke
78%
Pyke
78%
Rivers
76%
Stone
74%
Eddard Stark
73%
Pentos
69%
Flowers
66%
Howland Reed
61%
Arthur Dayne
59%
Lys
57%
Myr
56%
Storm
56%
Waters
55%
Volantis
54%
Hill
47%
Obara Sand
46%
Nymeria Sand
43%
Tyrosh
38%
Gerold Hightower
37%
Tyene Sand
33%
Norvos
30%
Old Wyk
30%
Great Wyk
28%
The Burned Men
28%
Sarella Sand
27%
Elia Sand
26%
Qohor
26%
Harlaw
25%
Lorath
22%
Oswell Whent
21%
The Stone Crows
20%
Martyn Cassel
16%
The Black Ears
15%
Willam Dustin
15%
Ethan Glover
13%
The Moon Brothers
12%
Theo Wull
12%
Obella Sand
11%
Mark Ryswell
10%
Blacktyde
9%
Dorea Sand
9%
Lonely Light
9%
Orkmont
9%
Saltcliffe
9%
Loreza Sand
8%
The Painted Dogs
7%
The Milk Snakes
5%
The Sons of the Mist
4%

Score Distribution

Percentile by Number Answered

Percent of People with Each Score

Your Score History

You have not taken this quiz since the last reset